ALE, EDI, & IDOC, technologies for SAP; a comprehensive guide to SAP business process integration (Record no. 180045)
[ view plain ]
| 000 -LEADER | |
|---|---|
| fixed length control field | 00577nam a2200169Ia 4500 |
| 005 - DATE AND TIME OF LATEST TRANSACTION | |
| control field | 20250313140744.0 |
| 008 - FIXED-LENGTH DATA ELEMENTS--GENERAL INFORMATION | |
| fixed length control field | 231217s9999 xx 000 0 und d |
| 020 ## - INTERNATIONAL STANDARD BOOK NUMBER | |
| International Standard Book Number | 9788120320222 |
| 082 ## - DEWEY DECIMAL CLASSIFICATION NUMBER | |
| Classification number | 001.6425 NAG;1 R |
| 100 ## - MAIN ENTRY--PERSONAL NAME | |
| Personal name | Nagpal, Arvind Pitlak, John |
| 245 #0 - TITLE STATEMENT | |
| Title | ALE, EDI, & IDOC, technologies for SAP; a comprehensive guide to SAP business process integration |
| 260 ## - PUBLICATION, DISTRIBUTION, ETC. (IMPRINT) | |
| Date of publication, distribution, etc. | 2001 |
| Name of publisher, distributor, etc. | Prentice-Hall, |
| Place of publication, distribution, etc. | New Delhi |
| 300 ## - PHYSICAL DESCRIPTION | |
| Extent | xxxvi+762 |
| 500 ## - GENERAL NOTE | |
| General note | Content page available |
| 650 ## - SUBJECT ADDED ENTRY--TOPICAL TERM | |
| Topical term or geographic name as entry element | ALE,,EDI,,IDOC,,technologies,SAP;,SAP,business,process,integration |
| 942 ## - ADDED ENTRY ELEMENTS (KOHA) | |
| Koha item type | Books |
| Date last seen | Total Checkouts | Full call number | Accession number | Old discount | Uniform Resource Identifier | Cost, replacement price | Price effective from | Category | Lost status | Damaged status | Department | Withdrawn status | bill no. | bill date | Permanent Location | Current Location | Shelving location | Entry date | Vendor | Cost, normal purchase price | Grants | Currency symbol | Conversion rate | Discount | Discount type |
|---|---|---|---|---|---|---|---|---|---|---|---|---|---|---|---|---|---|---|---|---|---|---|---|---|---|
| 26/01/2024 | 001.6425 NAG;1 R | 47643 | 25 | digital/contents/47643.pdf | 446.25 | 26/01/2024 | Books | Central Library | 223 | 23/12/2008 | Central Library | Central Library | Central Library | 24/12/2007 | Ell Enn books | 595.00 | MCA | RS | 1 | 148.75 | Rupees |
